000 00505nam a2200193 a 4500
001 1770805515256
003 YourLibrary
005 20260211155849.0
008 260211s2008##################000#0#eng##
020 _a9788122421590
082 0 4 _a333.707
_bANU
100 1 _aKaushik, Anubha,
_eauthor.
245 1 0 _aPerspectives In Environmental Studies :
260 _c2008.
300 _a328 pages
650 0 _aEnvironmental education.
942 _cENGLISH
040 _aYourLibrary
_beng
_cYourLibrary
999 _c611781
_d611781